Landscape Policies And Design Approch For Chatri Lake At Amaravati Maharashtra (Record no. 364617)

MARC details
000 -LEADER
fixed length control field 00404nam a2200121Ia 4500
008 - FIXED-LENGTH DATA ELEMENTS--GENERAL INFORMATION
fixed length control field 250110s9999 xx 000 0 und d
041 ## - LANGUAGE CODE
Language code of text/sound track or separate title eng
100 ## - MAIN ENTRY--PERSONAL NAME
Personal name Deshmukh Vaishavi
9 (RLIN) 184199
245 ## - TITLE STATEMENT
Title Landscape Policies And Design Approch For Chatri Lake At Amaravati Maharashtra
260 ## - PUBLICATION, DISTRIBUTION, ETC. (IMPRINT)
Name of publisher, distributor, etc. BNCA M Arch Landscape Architecture, Pune
Date of publication, distribution, etc. 2022
300 ## - PHYSICAL DESCRIPTION
Extent 48p
700 ## - ADDED ENTRY--PERSONAL NAME
Personal name Guide Name:Kolhatkar Kshitija
9 (RLIN) 210971
Holdings
Withdrawn status Lost status Damaged status Not for loan Home library Current library Date acquired Total Checkouts Barcode Date last seen Bill Date Koha item type Original Barcode
        Dr. Bhanuben Nanavati College of Architecture Dr. Bhanuben Nanavati College of Architecture 21/07/2022   BNCA-PR-2117 10/01/2025 10/01/2025 Project Reports PR2117